Dynamo Moscow Squad 2024-2025 - Statistics

General Stats
  • This quiz has been taken 7 times
    6 since last reset
  • The average score is 21 of 29
Answer Stats
# Position Nation Player % Correct
74 MF Russia Daniil Fomin
100%
93 DF Uruguay Diego Laxalt
100%
70 FW Russia Konstantin Tyukavin
100%
- Coach Czech Republic Marcel Lička
100%
91 FW Russia Yaroslav Gladyshev
100%
1 GK Russia Andrey Lunev
75%
10 MF Brazil Bitello
75%
15 MF Russia Danil Glebov
75%
77 FW Russia Denis Makarov
75%
2 DF Israel Eli Dasa
75%
3 DF Paraguay Fabián Balbuena
75%
31 GK Russia Igor Leshchuk
75%
8 MF Colombia Jorge Carrascal
75%
4 DF Paraguay Juan José Cáceres
75%
24 MF Mexico Luis Chávez
75%
34 MF Georgia Luka Gagnidze
75%
5 DF Serbia Milan Majstorović
75%
18 DF Uruguay Nicolás Marichal
75%
13 FW Cameroon Nicolas Moumi Ngamaleu
75%
- Coach Russia Rolan Gusev
75%
20 FW Russia Vyacheslav Grulev
75%
50 MF Russia Aleksandr Kutitskiy
50%
11 FW Brazil Arthur Gomes
50%
7 DF Russia Dmitriy Skopintsev
50%
14 FW Morocco El Mehdi Maouhoub
50%
59 DF Russia Ivan Lepskiy
50%
6 DF Paraguay Roberto Fernández
50%
47 GK Belarus Andrey Kudravets
25%
80 DF Russia Stanislav Bessmertniy
25%
No matching quizzes found
Score Distribution
Percent of People with Each Score
Percentile by Number Answered
Your Score History
You have not taken this quiz since the last reset